| 000 | 00000nas##2200000za#4500 |
|---|---|
| 001 | 9.509091 |
| 003 | CaOODSP |
| 005 | 20250403104744 |
| 007 | ta |
| 008 | 150406c2001||||xxc|| m #||||f| |0fre|d |
| 040 | |aCaOODSP|bfre |
| 041 | |aeng |
| 041 | |afre |
| 043 | |an-cn--- |
| 086 | 1 |aCS01-1 |
| 245 | 00|aRecensement de 2001 |
| 260 | |aOttawa - Ontario : |bStatistique Canada |
| 546 | |aBilingue |
| 563 | |aCouverture souple |
| 710 | 2 |aStatistique Canada. |
| 791 | |t2001 Census |eeng|w(CaOODSP)9.509090 |